| 000 | 00868cab a22002055a 4500 | ||
|---|---|---|---|
| 001 | L154066 | ||
| 008 | 111011s2011 xxka f 000 0 eng d | ||
| 035 | _a(Sirsi) u154066 | ||
| 041 | 0 | _aeng | |
| 245 | 0 | 0 |
_aStandard forms of partnering contracts _bthe ultimate contractual commitment? Part 7 |
| 260 | _c2011 | ||
| 490 |
_aCivil Engineering Surveyor _vOctober 2011, 37-40(4) |
||
| 520 | _aDiscusses the processes for dispute resolution in the standard forms of partnering agreement, and whether such agreements are binding or non-binding in terms of their legal obligations; PPC2000, NEC3, JCT. | ||
| 590 | _aKA | ||
| 650 | 2 | 4 | _aBIRSE CONSTRUCTION LTD V ST DAVID LTD |
| 651 | 4 |
_aUnited Kingdom _y |
|
| 690 | _aBUILT ENVIRONMENT-BUILDING CONTRACT FORMS-STANDARD FORMS OF BUILDING CONTRACT | ||
| 690 | _aBUILT ENVIRONMENT-CONSTRUCTION MANAGEMENT | ||
| 942 | _n0 | ||
| 999 |
_c83477 _d83477 |
||